000 00221nam a2200097Ia 4500
008 170619s9999 xx 000 0 und d
100 _aCathey J J
245 0 _aBasic Electrical Engg.
260 _bNew Delhi: TMH
260 _c1984
546 _aENGLISH
999 _c16403
_d16403